C. Mác và Ph.ăng-Ghen Tuyển tập Tập 1
.
Đã lưu trong:
| Tác giả chính: | |
|---|---|
| Định dạng: | Sách |
| Năm xuất bản: |
H.
Chính trị Quốc gia
2004
|
| Chủ đề: | |
| Tags: |
Thêm thẻ
Không có thẻ, Hãy là người đầu tiên gắn thẻ bản ghi này!
|
| LEADER | 00553nam a2200145 4500 | ||
|---|---|---|---|
| 082 | |a 335.4 |b M101C | ||
| 100 | |a Mác.C | ||
| 245 | |a C. Mác và Ph.ăng-Ghen |b Tuyển tập |c C. Mác, Ph.ăng-Ghen |n Tập 1 | ||
| 260 | |a H. |b Chính trị Quốc gia |c 2004 | ||
| 300 | |a 1080tr. |c 22cm. | ||
| 520 | |a . | ||
| 653 | |a Chủ nghĩa Mác- Lê Nin | ||
| 942 | |2 ddc |c SH | ||
| 999 | |c 10057 |d 10057 | ||
| 952 | |0 0 |1 0 |2 ddc |4 0 |6 335_400000000000000_M_101_C |7 0 |8 300 |9 78667 |a qbu |b qbu |c D2 |d 2015-07-16 |g 110000 |o 335.4 M 101 C |p 10038.c1 |r 0000-00-00 |w 2015-07-16 |y SH |0 0 |6 335_400000000000000_M_101_C | ||